| 000 | 00397nam a2200193Ia 4500 | ||
|---|---|---|---|
| 008 | 240509s9999 xx 000 0 und d | ||
| 020 | _a9788177582208 | ||
| 041 | _aEng | ||
| 082 | _a823 | ||
| 082 | _bS69 | ||
| 100 | _aSPYRI,JOHANNA | ||
| 245 | 0 | _aHeidi | |
| 260 | _bIndia,Dorling Kindersley | ||
| 260 | _c1991 | ||
| 300 | _a58 p. | ||
| 650 | _aNovel | ||
| 942 | _2ddc | ||
| 942 | _cLBK | ||
| 999 |
_c23298 _d23298 |
||
| 945 |
_a1 _bMadushi Gamage _c1 _dMadushi Gamage |
||